=LDR 00000nam 2200000 4500 =001 INLIS000000000010829 =005 20200929071919 =035 ##$$a 0010-061300000010829 =008 200929################g##########0#ind## =041 ##$$a Ind =082 ##$$a 305.844 81 =090 ##$$a 305.844 81, keb k =245 1#$$a keberadaan paguyuban-paguyuban etnis di daeraah perantauan dlm menunjang pembinaan persatuan dan kesatuan : $b (kasus etnik Banjar dalam paguyuban kalam, di surabaya) /$c Lindyastuti Setiawati ; Siti Maria =260 ##$$a Jakarta :$b Depdikbud,$c 1999 =300 ##$$a xiii, 92 hlm, hlm, ; $c 15 x 21 cm =700 #$$a Siti Maria =850 ##$$a NBPNMAT =084 ##$$a 305.844 81 SET k =100 #$$a Setiawati, Lindyastuti =650 #4$$a Kebudayaan banjar pada kelompok etnik =990 ##$$a 152.361/Hd-2000 =990 ##$$a 152.362/Hd-2000 =990 ##$$a 152.360/hd.2000